Dominicas, ferias y fiestas movibles del año christiano de España / (Record no. 167587)

MARC details
000 -LEADER
campo de control de longitud fija 00941nam a2200217 i 4500
001 - NÚMERO DE CONTROL
campo de control 167587
003 - IDENTIFICADOR DE NÚMERO DE CONTROL
campo de control ES-MaACL
005 - FECHA Y HORA DE LA ÚLTIMA TRANSACCIÓN
campo de control 20250806063137.0
008 - DATOS DE LONGITUD FIJA--INFORMACIÓN GENERAL
campo de control de longitud fija 001010m17961803sp |||| | spa d
100 1# - ENTRADA PRINCIPAL--NOMBRE DE PERSONA
Nombre de persona Villanueva, Joaquín Lorenzo,
Fechas asociadas al nombre 1757-1837
9 (RLIN) 115023
245 10 - MENCIÓN DEL TÍTULO
Título Dominicas, ferias y fiestas movibles del año christiano de España /
Mención de responsabilidad, etc. por Don Joaquín Lorenzo Villanueva ; tomo primero [-sexto].
260 ## - PUBLICACIÓN, DISTRIBUCIÓN, ETC.
Lugar de publicación, distribución, etc. Madrid :
Nombre del editor, distribuidor, etc. en la Imprenta Real por Don Pedro Julián Pereyra,
Fecha de publicación, distribución, etc. 1796-1803.
300 ## - DESCRIPCIÓN FÍSICA
Extensión 6 v. ;
Dimensiones 20 cm.
530 ## - NOTA DISPONIBLE DE FORMULARIO FÍSICO ADICIONAL
Nota de formato físico adicional disponible Disponible en formato digital.
597 ## - NOTA DE DESCRIPCIÓN FÍSICA
NOTA DE DESCRIPCIÓN FÍSICA Port. con escudo real xilográfico.
597 ## - NOTA DE DESCRIPCIÓN FÍSICA
NOTA DE DESCRIPCIÓN FÍSICA Texto con notas a pie de página a dos columnas.
650 #7 - PUNTO DE ACCESO ADICIONAL DE MATERIA--TÉRMINO DE MATERIA
Término de materia o nombre geográfico como elemento de entrada Fiestas religiosas-
Subdivisión geográfica España
Fuente del encabezamiento o término
9 (RLIN) 163519
852 4# - LOCALIZACIÓN
Ubicación ES-MaACL
Número de control de estantería C-20049-54
Nota libre - Enc. pasta española
856 4# - LOCALIZACIÓN Y ACCESO ELECTRÓNICOS
Identificador Uniforme de Recursos <a href="http://bdh-rd.bne.es/viewer.vm?id=0000164245&page=1 ">http://bdh-rd.bne.es/viewer.vm?id=0000164245&page=1 </a>
Nota pública Biblioteca Digital Hispánica
Holdings
Estatus retirado Estado de pérdida Estado de daño No para préstamo Colección Biblioteca de origen Biblioteca actual Ubicación en estantería Fecha de adquisición Total de préstamos Signatura topográfica completa Código de barras Visto por última vez Precio de reemplazo Tipo de ítem Koha
        Colección digital Biblioteca del Ateneo de Madrid Biblioteca del Ateneo de Madrid Mesetón 17/01/2008   C-20049-54 1175818 23/02/2023 23/02/2023 Libro impreso antiguo